000 05394nam a2200517Ia 4500
001 dia_6510
003 CHAP
005 20240801184809.0
007 ta
008 220117s2017 mx abdefrm 001 0 spa d
010 _a178822
040 _cCHAP
_amxchpua
041 0 _aspa
_beng
090 _aTesis
_bT45
_c2017
100 1 _aTéllez Franco, Emmanuel
240 1 0 _aTechnical-economic feasibility to install a module of honey collection, in Santo Domingo de Morelos, Oaxaca.
_lEspañol
245 1 0 _aFactibilidad técnico-económica para instalar un módulo de acopio de miel, Santo Domingo de Morelos, Oaxaca /
_cEmmanuel Téllez Franco
264 _aChapingo, México :
_bEl autor,
_c2017
300 _axi, 77 hojas :
_bilustraciones, mapas, gráficas, diagramas, tablas, planos +
_e1 CD-ROM
336 _2rdacontent
_atexto
_btxt
337 _2rdamedia
_ano mediado
_bn
338 _2rdacarrier
_avolumen
_bnc
500 _aEl CD contiene reporte y artículo -- Los planos están incluidos en el reporte
502 _aFormulación y Evaluación de Proyectos
_b(Ingeniero Agroindustrial) --
_cUACh. Departamento de Ingeniería Agroindustrial,
_d2017
504 _aBibliografía: hojas 74-76
505 _a3 planos -- 1. Propuesta de plano de distribución de áreas (Esc. 1:75) -- 2. Diagrama de distribución de equipo y recorrido 3. Diagrama de flujo
520 3 _aLa apicultura en Oaxaca, favorece positivamente al ambiente por el efecto de la polinización y genera empleos directos e indirectos, en zonas de pobreza y alta marginación. En la presente tesis se realizó el análisis de las condiciones tanto documentalmente como en campo para determinar la factibilidad técnico económica para la instalación de un módulo de acopio de miel, en la localidad de Santo Domingo de Morelos, Oaxaca, mediante la metodología del proyecto estratégico de seguridad alimentaria. También se definió el programa de capacitación y asesoría que disminuya el riesgo en la inversión. El proyecto representa una importante oportunidad para su desarrollo exitoso, ya que la activad apícola es una alternativa económicamente rentable para la región. En los indicadores financieros se específica que durante el desarrollo del mismo se obtiene una relación B/C= 1.27 y VAN = $ 657 129.72, al igual se indica que puede soportar una TIR del 49 % para la recuperación del costo del capital. Lo que nos indica que por cada peso invertido durante la vida útil del proyecto se tiene beneficios netos de 27 centavos, o que el proyecto tiene una utilidad neta de $ 657 129.72 después de un periodo proyectado de 5 años, aún después de considerar una tasa de actualización anual del 12 %.Con esta propuesta se busca fomentar y dar valor agregado al producto mediante el manejo uniforme en la manufactura de la miel garantizando una alta calidad durante cada uno de los procesos, asimismo es con la finalidad de mejorar los ingresos al interior del seno familiar y como consecuencia mejorar la calidad de vida de las familias.
520 3 _aBeekeeping in Oaxaca positively favors the environment through the effect of pollination, and generates direct and indirect jobs in areas of poverty and high marginalization. In the present thesis, the analysis of the conditions both in literature and in field was carried out to determine the technical feasibility for the installation of a honey collection module in the locality of Santo Domingo de Morelos, Oaxaca, through the methodology of the Food security strategic project. The training and advice scheme was also defined to reduce the risk in the investment.The project represents an important opportunity for the region’s successful development, since beekeeping is an economically profitable alternative for the region. In the financial indicators it is specified that during the development of the project B / C = 1.27 and NPL = $ 657 129.72 MXN values were obtained, it can also be indicated that it can support a IRR of 49 % for the recovery of the cost of capital. This indicates that each peso invested during the life of the project has net benefits of 27 cents, or that the project has a net profit of $ 657 129.72 MXN after a projected period of 5 years, even after considering an annual update rate of 12 %.This proposal seeks to promote and add value to the product through the uniform management in the manufacture of honey, guaranteeing high quality during each of the processes, also with the aim of improving income within the family and as a consequence improve their quality of life.
650 0 _aApicultura
_zMéxico
_zOaxaca
_2atg
650 1 3 _aIniciativa empresarial
_zMéxico
_zOaxaca
_2atg
650 1 3 _aMiel y productos fabricados por abejas
_xProducción
_2atg
650 1 3 _aApiculture
_zMéxico
_zOaxaca
_2atg
650 1 3 _aEntrepreneurship
_zMéxico
_zOaxaca
_2atg
650 1 3 _aHoney and bee products
_xProduction
_2atg
700 1 _aPonce Hernández, Pedro
_edirector
700 1 _aLópez Bautista, Vicente
_easesor
700 1 _aPérez Barrón, Juan
_easesor
856 4 1 _uhttp://10.13.5.2/tesis/sist113768.pdf
_yDESCARGAR PDF
901 _aTESIS T45 2017
902 _aM
905 _a5232272017 MX NMEL8223223322SPA16
942 _cTESIS
_2Clasificación Universidad Autónoma Chapingo
999 _c178822
_d178822